Statistics for Blue and Orange Teams

Click here to take the quiz!

General Stats

  • This quiz has been taken 15 times
  • The average score is 10 of 18

Answer Stats

HintAnswer% Correct
MLBNew York Mets
90%
NCAA - FBSBoise State University
80%
NFLChicago Bears
80%
NFLDenver Broncos
80%
NHLNew York Islanders
80%
NBANew York Knickerbockers
80%
NCAA - FBSAuburn University
60%
MLBHouston Astros
60%
NFLMiami Dolphins
60%
MLBDetroit Tigers
50%
NBAOklahoma City Thunder
50%
NCAA - FBSSyracuse University
50%
NCAA - FBSUniversity of Florida
50%
NHLEdmonton Oilers
40%
NCAA - FBSUniversity of Virginia
30%
NCAA - FBSUnivesity of Illinois
30%
NCAA - FBSUniversity of Texas San Antonio
20%
NCAA - FBSUniversity of Texas El Paso
10%

Score Distribution

Percentile by Number Answered

Percent of People with Each Score

Your Score History

You have not taken this quiz